[Event "36 R.G.Nezhmetdinov Memorial"]
[Site "Kazan"]
[Date "2014.06.05"]
[Round "6.6"]
[White "Timofeev, Artyom"]
[Black "Gavrilov, Alexei"]
[Result "1-0"]
[WhiteElo "2603"]
[BlackElo "2491"]
[PlyCount "133"]
[EventDate "2014.??.??"]

1. d4 d5 2. c4 c6 3. Nf3 Nf6 4. Nc3 a6 5. a4 e6 6. g3 dxc4 7. Ne5 c5 8. dxc5
Qxd1+ 9. Nxd1 Bxc5 10. Bg2 Bb4+ 11. Nc3 Nd5 12. Bd2 Nc6 13. Nxc4 Nd4 14. Nxd5
exd5 15. Bxb4 dxc4 16. O-O-O Nb3+ 17. Kc2 a5 18. Ba3 Bd7 19. Bxb7 Rb8 20. Ba6
Bxa4 21. Kc3 h5 22. Bd6 Rd8 23. Rd5 Rh6 24. Rhd1 Re6 25. e4 f6 26. Bxc4 Rc8 27.
f3 g6 28. h4 Rc6 29. Ba3 Rc8 30. Bd6 Rc6 31. Ba3 Rc7 32. Kd3 Rxc4 33. Kxc4 Rc6+
34. Kd3 Nc5+ 35. Ke3 Bxd1 36. Rxd1 Na4 37. Rd4 Nb6 38. Kd3 Rc1 39. Rd6 Nd7 40.
Re6+ Kd8 41. Ke3 Re1+ 42. Kf4 Rd1 43. Be7+ Ke8 44. Bb4+ Kf7 45. Re7+ Kg8 46.
Bxa5 Rd3 47. Bc3 Kf8 48. Bb4 Kg8 49. Bc3 Kf8 50. Re6 Kf7 51. Rc6 g5+ 52. hxg5
fxg5+ 53. Kxg5 Rxf3 54. Kh4 Re3 55. Rc4 Nf8 56. Rc7+ Ke6 57. e5 Kd5 58. Rg7 Ne6
59. Rg8 Nc5 60. Kxh5 Ne4 61. g4 Rh3+ 62. Kg6 Rg3 63. Kf7 Nxc3 64. bxc3 Kxe5 65.
g5 Kf5 66. Rc8 Rd3 67. Rc5+ 1-0

[Event "36 R.G.Nezhmetdinov Memorial"]
[Site "Kazan"]
[Date "2014.06.05"]
[Round "6.7"]
[White "Ponkratov, Pavel"]
[Black "Galliamova, Alisa"]
[Result "1-0"]
[WhiteElo "2595"]
[BlackElo "2466"]
[PlyCount "77"]
[EventDate "2014.??.??"]

1. e4 c5 2. Nf3 e6 3. d4 cxd4 4. Nxd4 Nf6 5. Nc3 d6 6. Be3 Be7 7. g4 h6 8. Bg2
Nc6 9. h3 O-O 10. Nf3 Rb8 11. g5 hxg5 12. Nxg5 b5 13. f4 b4 14. Ne2 d5 15. e5
Nh7 16. h4 f6 17. Qd3 f5 18. Bd2 a5 19. Qg3 Bc5 20. Bf3 Qe8 21. Qg2 Nd4 22.
Nxd4 Bxd4 23. Rh3 Bxb2 24. Rb1 Bd4 25. Rg3 Rb7 26. Nxh7 Kxh7 27. Rg5 Qc6 28.
Rh5+ Kg8 29. Qg6 Bd7 30. Rh6 Rf7 31. Bh5 Be8 32. Rb3 Qxc2 33. Qh7+ Kf8 34. Qh8+
Ke7 35. Rxe6+ Kd7 36. Qxe8+ Kc7 37. Qxf7+ Kb8 38. Re8+ Ka7 39. Qxd5 1-0

[Event "36 R.G.Nezhmetdinov Memorial"]
[Site "Kazan"]
[Date "2014.06.05"]
[Round "6.8"]
[White "Volkov, Sergey"]
[Black "Tunik, Gennady"]
[Result "0-1"]
[WhiteElo "2584"]
[BlackElo "2430"]
[PlyCount "104"]
[EventDate "2014.??.??"]

1. d4 Nf6 2. c4 e6 3. Nc3 Bb4 4. f3 c5 5. d5 d6 6. e4 O-O 7. Nge2 exd5 8. cxd5
Nbd7 9. Ng3 Ne5 10. Be2 a6 11. O-O Rb8 12. a4 Re8 13. Kh1 Bd7 14. Be3 Ba5 15.
Qd2 Ng6 16. Rfe1 Re5 17. Bd3 b5 18. axb5 axb5 19. Bg5 c4 20. Bf1 Bb6 21. f4
Rxg5 22. fxg5 Ng4 23. Nd1 h6 24. h3 N4e5 25. gxh6 Qh4 26. Nf5 Bxf5 27. exf5 Ne7
28. Ne3 Qxh6 29. Re2 Bc5 30. Rd1 Ra8 31. Ree1 Ra2 32. Qc3 Qf4 33. Re2 b4 34.
Qc1 c3 35. Ng4 Qxc1 36. Rxc1 Nxf5 37. Kh2 cxb2 38. Rb1 Bd4 39. Nxe5 dxe5 40.
Rc2 Nd6 41. Rc6 e4 42. Rxd6 Be5+ 43. g3 Bxd6 44. Bc4 Ra3 45. Rxb2 Rxg3 46. Kh1
Rxh3+ 47. Kg1 Rc3 48. Be2 b3 49. Kf2 Ba3 50. Rb1 b2 51. d6 Kf8 52. Rh1 Bxd6 0-1

[Event "36 R.G.Nezhmetdinov Memorial"]
[Site ", "]
[Date "2014.06.05"]
[Round "6.10"]
[White "Ulko, Jaroslav"]
[Black "Shariyazdanov, Andrey"]
[Result "1/2-1/2"]
[WhiteElo "2422"]
[BlackElo "2568"]
[PlyCount "77"]
[EventDate "2014.??.??"]

1. d4 Nf6 2. c4 e6 3. Nc3 Bb4 4. e3 O-O 5. Bd3 d5 6. Nf3 c5 7. O-O cxd4 8. exd4
dxc4 9. Bxc4 b6 10. Bg5 Bb7 11. Re1 h6 12. Bh4 Nbd7 13. Rc1 Rc8 14. Qb3 Bxc3
15. Rxc3 Bd5 16. Bxd5 Rxc3 17. Qxc3 Nxd5 18. Bxd8 Nxc3 19. Bxb6 Nxa2 20. Bxa7
Nb4 21. Rc1 Nd3 22. Rc7 Nf6 23. Ne5 Nxb2 24. Bc5 Ra8 25. h3 Ra1+ 26. Kh2 Nd1
27. d5 exd5 28. Rc8+ Kh7 29. Nxf7 Rc1 30. Nd6 Ne4 31. Nxe4 dxe4 32. Rd8 Rxc5
33. Rxd1 Rc2 34. Kg3 Re2 35. Rd7 Kg6 36. Re7 Kf6 37. Re8 Kf7 38. Re5 Kf6 39.
Ra5 1/2-1/2

[Event "36 R.G.Nezhmetdinov Memorial"]
[Site ", "]
[Date "2014.06.05"]
[Round "6.11"]
[White "Smirnov, Alexey"]
[Black "Ibragimov, Ildar"]
[Result "1/2-1/2"]
[WhiteElo "2407"]
[BlackElo "2557"]
[PlyCount "66"]
[EventDate "2014.??.??"]

1. c4 e5 2. d3 Nc6 3. a3 f5 4. g3 Nf6 5. Bg2 Be7 6. Nc3 O-O 7. e3 Qe8 8. Nd5
Bd8 9. Ne2 d6 10. O-O Ne7 11. Nxf6+ Rxf6 12. b4 c6 13. Bb2 Rh6 14. f4 Bb6 15.
Qd2 Ng6 16. Rae1 exf4 17. Nxf4 Nxf4 18. gxf4 Bd7 19. Kh1 Bd8 20. Bf3 Bf6 21.
Rg1 Qe7 22. Rg3 Rg6 23. a4 Bh4 24. Rxg6 Bxe1 25. Rxg7+ Qxg7 26. Qc1 Qh6 27.
Qxe1 Kf7 28. a5 a6 29. Qf2 Qh3 30. Bg2 Qh5 31. Bf3 Qh3 32. Bg2 Qh5 33. Bf3 Qh3
1/2-1/2

[Event "36 R.G.Nezhmetdinov Memorial"]
[Site ", "]
[Date "2014.06.05"]
[Round "6.12"]
[White "Gaifullin, Artur"]
[Black "Shaposhnikov, Evgeny"]
[Result "1/2-1/2"]
[WhiteElo "2130"]
[BlackElo "2550"]
[PlyCount "126"]
[EventDate "2014.??.??"]

1. d4 Nf6 2. c4 e6 3. Nf3 b6 4. a3 Ba6 5. Qc2 Bb7 6. Nc3 c5 7. dxc5 bxc5 8. Bf4
d6 9. Rd1 Qb6 10. e4 Be7 11. Bd3 Nc6 12. O-O Nd7 13. Rfe1 Nde5 14. Bxe5 dxe5
15. Qb1 O-O 16. Nd5 Qd8 17. Bc2 Bd6 18. Ne3 Qc7 19. Nf1 Rab8 20. Ng3 Ba6 21.
Bd3 Rb6 22. Qc1 Rfb8 23. b4 Bb7 24. b5 Nd4 25. a4 Nxf3+ 26. gxf3 Be7 27. Qc3
Rd8 28. Bc2 Rxd1 29. Rxd1 Rd6 30. Rxd6 Qxd6 31. Ne2 Bg5 32. Qd3 Qxd3 33. Bxd3
Bd2 34. Ng3 Kf8 35. Kf1 Ke7 36. Ke2 Bb4 37. Nf1 Kf6 38. Ne3 Kg5 39. Kf1 h5 40.
Kg2 g6 41. Kg3 Ba5 42. Ng2 Bc7 43. h4+ Kh6 44. Bc2 Ba5 45. Ne3 Kg7 46. Nd1 Kf6
47. Nb2 Ke7 48. Nd3 Kd6 49. Nc1 Bb4 50. Nb3 Bc8 51. Bd3 Ke7 52. f4 exf4+ 53.
Kxf4 Be1 54. Ke3 Kd6 55. e5+ Kxe5 56. Nxc5 f5 57. Bc2 Kf6 58. Nd3 Bc3 59. f4
Bb7 60. c5 Be4 61. c6 Ba5 62. Bb3 Bb6+ 63. Ke2 Bxd3+ 1/2-1/2

[Event "36 R.G.Nezhmetdinov Memorial"]
[Site ", "]
[Date "2014.06.05"]
[Round "6.13"]
[White "Gerasimov, Ivan"]
[Black "Popov, Ivan"]
[Result "0-1"]
[WhiteElo "2346"]
[BlackElo "2650"]
[PlyCount "110"]
[EventDate "2014.??.??"]

1. e4 c5 2. Nf3 d6 3. d4 cxd4 4. Nxd4 Nf6 5. Nc3 a6 6. Be3 e6 7. a4 b6 8. Bd3
Bb7 9. O-O Nbd7 10. f4 Be7 11. Qf3 Nc5 12. Rae1 O-O 13. Kh1 Rc8 14. Bg1 Nfd7
15. Bc4 Kh8 16. Ba2 Nf6 17. b4 Ncd7 18. Qg3 d5 19. e5 Nh5 20. Qh3 Bxb4 21. Re3
Bxc3 22. Rxc3 Rxc3 23. Qxc3 Qh4 24. Qf3 g6 25. g4 Ng7 26. Bf2 Qe7 27. Kg1 f6
28. exf6 Nxf6 29. Bh4 Qd6 30. Bxf6 Rxf6 31. Qe3 Bc8 32. Bb3 g5 33. fxg5 Rxf1+
34. Kxf1 Qxh2 35. Nf3 Qg3 36. Qc3 Bd7 37. Qf6 Kg8 38. Ne5 Be8 39. a5 b5 40. Ke2
Qc3 41. Nd3 Qxa5 42. Nf4 Qb4 43. Qe5 a5 44. Ba2 Qc5 45. c3 Qa3 46. Kf3 Qxa2 47.
Nxe6 Nxe6 48. Qxe6+ Bf7 49. Qe7 Qc4 50. Qd8+ Kg7 51. Qf6+ Kf8 52. Qd6+ Ke8 53.
Qe5+ Kd7 54. Qf5+ Be6 55. Qxh7+ Kd6 0-1

[Event "36 R.G.Nezhmetdinov Memorial"]
[Site ", "]
[Date "2014.06.05"]
[Round "6.14"]
[White "Rodchenkov, Vitaly"]
[Black "Bocharov, Dmitry"]
[Result "1/2-1/2"]
[WhiteElo "2328"]
[BlackElo "2598"]
[PlyCount "55"]
[EventDate "2014.??.??"]

1. e4 g6 2. d4 Bg7 3. Nc3 a6 4. f4 b5 5. Nf3 Bb7 6. Bd3 d6 7. a4 b4 8. Ne2 Nf6
9. e5 Nd5 10. c4 bxc3 11. bxc3 c5 12. O-O O-O 13. Rb1 Bc6 14. Bd2 Nd7 15. c4
Nb4 16. Bxb4 cxb4 17. Rxb4 Qa5 18. Qd2 Rfd8 19. Rfb1 dxe5 20. d5 exf4 21. dxc6
Nc5 22. Nc1 Qc7 23. Qe2 e5 24. Be4 Nxe4 25. Qxe4 f5 26. Qc2 e4 27. Ng5 Qxc6 28.
c5 1/2-1/2

[Event "36 R.G.Nezhmetdinov Memorial"]
[Site ", "]
[Date "2014.06.05"]
[Round "6.15"]
[White "Dvoirys, Semen I"]
[Black "Filipenko, Alexander V"]
[Result "1-0"]
[WhiteElo "2557"]
[BlackElo "2293"]
[PlyCount "85"]
[EventDate "2014.??.??"]

1. e4 e5 2. Nf3 Nc6 3. Bb5 g6 4. O-O Bg7 5. c3 a6 6. Ba4 Nge7 7. d4 exd4 8.
cxd4 O-O 9. d5 Na5 10. Nc3 d6 11. Nd4 b5 12. Bc2 Re8 13. Rb1 c5 14. dxc6 Nexc6
15. Nxc6 Nxc6 16. Be3 Be6 17. Bb3 Na5 18. Bxe6 fxe6 19. Bd4 Bf8 20. Qe2 Qd7 21.
Rbd1 b4 22. Nb1 Qb5 23. Qg4 Nc6 24. Bf6 Ne5 25. Qg3 Nd7 26. Bd4 Rac8 27. Nd2 e5
28. Qb3+ Kg7 29. Be3 Nc5 30. Bxc5 Qxc5 31. Qd3 Qb5 32. Qb1 Be7 33. b3 Rc3 34.
Nc4 Rd8 35. Rd5 Qc6 36. Rc1 Rxc1+ 37. Qxc1 h5 38. Qd2 Qb7 39. f3 Qa7+ 40. Kf1
Qb8 41. g3 Kf7 42. Kg2 Kg7 43. h4 1-0

[Event "36 R.G.Nezhmetdinov Memorial"]
[Site ", "]
[Date "2014.06.05"]
[Round "6.16"]
[White "Mozharov, Mikhail"]
[Black "Samusenko, Maksim"]
[Result "1/2-1/2"]
[WhiteElo "2552"]
[BlackElo "2306"]
[PlyCount "100"]
[EventDate "2014.??.??"]

1. d4 Nf6 2. c4 g6 3. Nc3 Bg7 4. e4 d6 5. Nf3 O-O 6. Be2 e5 7. d5 a5 8. Bg5 h6
9. Bh4 Na6 10. Nd2 Qe8 11. O-O Bd7 12. b3 Nh7 13. a3 f5 14. f3 Nf6 15. Bf2 Nh5
16. Re1 Qe7 17. Bf1 Bf6 18. Rb1 f4 19. b4 axb4 20. axb4 Bh4 21. Bxh4 Qxh4 22.
Qe2 Qe7 23. Qf2 g5 24. Rec1 Nf6 25. c5 g4 26. cxd6 cxd6 27. Nc4 Be8 28. Qh4 Bh5
29. fxg4 Bxg4 30. Nb5 Rad8 31. Rb3 Rf7 32. Nd2 Rg7 33. h3 Bh5 34. Na7 Nb8 35.
Rbc3 Kh7 36. Nb5 Rdg8 37. Qf2 Bg6 38. Re1 Na6 39. Qb6 Ne8 40. Na7 Bh5 41. Rec1
Kh8 42. R1c2 Qh4 43. Qf2 Qxf2+ 44. Kxf2 Nxb4 45. Rb2 Na6 46. Rb6 Nc5 47. Rc4
Na6 48. Rc8 Nc5 49. Ke1 Bg6 50. Bb5 Bh5 1/2-1/2

[Event "36 R.G.Nezhmetdinov Memorial"]
[Site ", "]
[Date "2014.06.05"]
[Round "6.17"]
[White "Amerzianov, Timur"]
[Black "Demidov, Mikhail"]
[Result "1/2-1/2"]
[WhiteElo "2301"]
[BlackElo "2512"]
[PlyCount "60"]
[EventDate "2014.??.??"]

1. e4 e6 2. d4 d5 3. Nd2 Nf6 4. e5 Nfd7 5. Bd3 c5 6. c3 Nc6 7. Ne2 cxd4 8. cxd4
f6 9. exf6 Qxf6 10. Nf3 h6 11. O-O Bd6 12. Bd2 O-O 13. Rc1 a6 14. Bb1 Rf7 15.
a3 Nf8 16. Rc3 Bd7 17. Re3 Be8 18. Bc3 Rc7 19. Ne5 Bh5 20. f4 Bxe5 21. fxe5 Qh4
22. Rh3 Qg4 23. Rff3 Rf7 24. Rhg3 Qh4 25. Rh3 Qg4 26. Rhg3 Qh4 27. Rh3 Qg4 28.
Rhg3 Qh4 29. Rh3 Qg4 30. Rhg3 Qh4 1/2-1/2

[Event "36 R.G.Nezhmetdinov Memorial"]
[Site ", "]
[Date "2014.06.05"]
[Round "6.18"]
[White "Rjabzev, Konstantin"]
[Black "Matinian, Nikita"]
[Result "0-1"]
[WhiteElo "2292"]
[BlackElo "2478"]
[PlyCount "98"]
[EventDate "2014.??.??"]

1. e4 c5 2. Nf3 d6 3. c3 Nf6 4. h3 Nc6 5. Bd3 g5 6. Bc2 g4 7. hxg4 Bxg4 8. d3
d5 9. Bg5 dxe4 10. Bxf6 exf3 11. gxf3 Qd5 12. Bb3 Qxf3 13. Qxf3 Bxf3 14. Rh3
Bg4 15. Rg3 exf6 16. Rxg4 O-O-O 17. Rg3 Ne5 18. Bc2 h5 19. Na3 h4 20. Rh3 Ng6
21. Kf1 Nf4 22. Rh1 h3 23. Nc4 Bd6 24. d4 cxd4 25. cxd4 Bc7 26. Rd1 Kb8 27. Ne3
Bb6 28. Nf5 Rhe8 29. Bb3 Re4 30. Ng3 Rexd4 31. Rxd4 Bxd4 32. Ne2 Rc8 33. Bd1
Nxe2 34. Kxe2 Rh8 35. b3 h2 36. Bc2 Rh4 37. Kf3 Be5 38. Ke3 Rh3+ 39. Ke2 Rh4
40. Ke3 b5 41. Be4 Kc7 42. Bf3 Kd6 43. Bd1 Kc5 44. a4 Rh3+ 45. Ke2 b4 46. Kf1
Kd4 47. Kg2 Rc3 48. Rf1 Bf4 49. Kh1 a5 0-1

[Event "36 R.G.Nezhmetdinov Memorial"]
[Site ", "]
[Date "2014.06.05"]
[Round "6.19"]
[White "Kuderinov, Kirill"]
[Black "Denisov, Lev"]
[Result "1-0"]
[WhiteElo "2442"]
[BlackElo "2302"]
[PlyCount "67"]
[EventDate "2014.??.??"]

1. e4 e5 2. Nf3 Nc6 3. Bc4 Bc5 4. c3 Nf6 5. d3 d6 6. Bb3 Bb6 7. Nbd2 Ne7 8. Nc4
Ng6 9. O-O O-O 10. h3 c6 11. Nxb6 axb6 12. Re1 Qe7 13. d4 Be6 14. d5 cxd5 15.
exd5 Bd7 16. Be3 b5 17. Nd2 h6 18. Rc1 Nh7 19. c4 bxc4 20. Nxc4 Bb5 21. Nb6
Rad8 22. a4 Ba6 23. Bc2 e4 24. Bd4 f5 25. b4 Qg5 26. b5 Nh4 27. g3 Bxb5 28.
axb5 f4 29. Rxe4 fxg3 30. Rg4 Rxf2 31. Bxh7+ Kxh7 32. Bxf2 gxf2+ 33. Kf1 Qf6
34. Qd4 1-0

[Event "36 R.G.Nezhmetdinov Memorial"]
[Site ", "]
[Date "2014.06.05"]
[Round "6.20"]
[White "Tokarev, Ilya"]
[Black "Yandemirov, Valeri"]
[Result "1-0"]
[WhiteElo "2295"]
[BlackElo "2403"]
[PlyCount "51"]
[EventDate "2014.??.??"]

1. c4 Nf6 2. Nc3 d5 3. cxd5 Nxd5 4. Nf3 Nxc3 5. bxc3 c5 6. Ba3 Qc7 7. e3 g6 8.
h4 h5 9. Qb3 Bg7 10. d4 cxd4 11. cxd4 Nc6 12. Bc4 O-O 13. Ng5 Qa5+ 14. Kf1 Qf5
15. Bd3 Qf6 16. Rc1 Rd8 17. Rc5 Bh6 18. Ne4 Qg7 19. Bb2 Qf8 20. Ng5 e6 21. g4
Qd6 22. gxh5 b6 23. Ne4 Qc7 24. Rc2 Bb7 25. hxg6 Qe7 26. Ba3 1-0

[Event "36 R.G.Nezhmetdinov Memorial"]
[Site ", "]
[Date "2014.06.05"]
[Round "6.21"]
[White "Murzin, Lenar"]
[Black "Ponfilenok, Vladimir"]
[Result "0-1"]
[WhiteElo "2115"]
[BlackElo "2399"]
[PlyCount "58"]
[EventDate "2014.??.??"]

1. d4 e6 2. c4 f5 3. g3 Nf6 4. Bg2 d5 5. Qc2 Bd6 6. Nh3 O-O 7. O-O Nc6 8. Rd1
a5 9. a3 Ne4 10. b3 Qf6 11. Bb2 Qf7 12. e3 Nd8 13. c5 Be7 14. Nf4 g5 15. Nd3
Qh5 16. Nd2 Bd7 17. f3 Nf6 18. Re1 Bb5 19. Ne5 Nc6 20. Nd3 Qg6 21. Bf1 Bxd3 22.
Bxd3 g4 23. e4 gxf3 24. Nxf3 fxe4 25. Nh4 exd3 26. Nxg6 dxc2 27. Nxf8 Rxf8 28.
Rxe6 Ne4 29. Rf1 Bg5 0-1

[Event "36 R.G.Nezhmetdinov Memorial"]
[Site ", "]
[Date "2014.06.05"]
[Round "6.22"]
[White "Turkin, Viktor"]
[Black "Petrov, Nikita"]
[Result "1/2-1/2"]
[WhiteElo "2285"]
[BlackElo "2359"]
[PlyCount "71"]
[EventDate "2014.??.??"]

1. e4 c5 2. Nf3 Nc6 3. d4 cxd4 4. Nxd4 e5 5. Nb5 d6 6. N1c3 a6 7. Na3 b5 8. Nd5
Nge7 9. c4 Nd4 10. cxb5 Nxd5 11. exd5 Bd7 12. Be3 axb5 13. Bxd4 exd4 14. Qd2
Qb6 15. Bd3 Be7 16. O-O O-O 17. Rfe1 Bf6 18. Nc2 Rac8 19. Nb4 Rc5 20. a3 g6 21.
Qf4 Be5 22. Qd2 Rfc8 23. h3 Bf6 24. Be4 Kg7 25. Rab1 Re8 26. Rbd1 Rec8 27. Rb1
Re8 28. Rbd1 Rec8 29. Bb1 Qd8 30. Re2 Kg8 31. Rde1 Kg7 32. Kh1 Qb6 33. Bd3 Qd8
34. Bb1 Qb6 35. Bd3 Rd8 36. Bb1 1/2-1/2

[Event "36 R.G.Nezhmetdinov Memorial"]
[Site ", "]
[Date "2014.06.05"]
[Round "6.23"]
[White "Isajevsky, Anton"]
[Black "Glukhov, Alexander"]
[Result "1/2-1/2"]
[WhiteElo "2416"]
[BlackElo "2185"]
[PlyCount "88"]
[EventDate "2014.??.??"]

1. Nf3 d5 2. g3 Nf6 3. Bg2 c5 4. O-O Nc6 5. d4 cxd4 6. Nxd4 e5 7. Nxc6 bxc6 8.
c4 Be6 9. Nc3 Be7 10. Bg5 e4 11. cxd5 cxd5 12. Qa4+ Qd7 13. Rfd1 Qxa4 14. Nxa4
O-O 15. Rac1 Rac8 16. Be3 Ng4 17. Bd4 Bf6 18. Rc3 Rxc3 19. Nxc3 Rb8 20. h3 Bxd4
21. Rxd4 Nf6 22. Nd1 Bd7 23. f3 exf3 24. exf3 Kh8 25. g4 g5 26. f4 gxf4 27.
Rxf4 Kg7 28. b3 h5 29. g5 Ne4 30. h4 Re8 31. Kh2 f6 32. gxf6+ Nxf6 33. Nc3 Ng4+
34. Kg3 Re3+ 35. Rf3 d4 36. Nd5 Re2 37. Nf4 Rxa2 38. Nxh5+ Kh6 39. Nf6 Ne3 40.
Nxd7 Rxg2+ 41. Kf4 Rg4+ 42. Ke5 Rxh4 43. Nf6 Kg6 44. Ne4 Nc2 1/2-1/2

[Event "36 R.G.Nezhmetdinov Memorial"]
[Site ", "]
[Date "2014.06.05"]
[Round "6.24"]
[White "Yapparov, Timur"]
[Black "Pasiev, Rakhim"]
[Result "0-1"]
[WhiteElo "2215"]
[BlackElo "2410"]
[PlyCount "70"]
[EventDate "2014.??.??"]

1. d4 Nf6 2. Nf3 g6 3. Bg5 Bg7 4. Nbd2 O-O 5. c3 d6 6. e4 Nbd7 7. Be2 e5 8.
dxe5 dxe5 9. O-O Qe8 10. Qc2 h6 11. Bh4 Nh5 12. Rfe1 Nf4 13. Bf1 Nb6 14. a4 a5
15. Nc4 Nxc4 16. Bxc4 Be6 17. Nd2 c6 18. Red1 b5 19. Bxe6 Qxe6 20. f3 Rfb8 21.
Bf2 Bf8 22. axb5 cxb5 23. Nb3 a4 24. Nc5 Bxc5 25. Bxc5 Rd8 26. Be3 Qc4 27.
Rxd8+ Rxd8 28. Bxf4 exf4 29. Rd1 Rxd1+ 30. Qxd1 a3 31. Qd8+ Kg7 32. bxa3 Qxc3
33. h4 Qxa3 34. Qd4+ Kg8 35. h5 Qe3+ 0-1

[Event "36 R.G.Nezhmetdinov Memorial"]
[Site ", "]
[Date "2014.06.05"]
[Round "6.25"]
[White "Faizrakhmanov, Ramil"]
[Black "Yeletsky, Ivan"]
[Result "1-0"]
[WhiteElo "2364"]
[BlackElo "2200"]
[PlyCount "145"]
[EventDate "2014.??.??"]

1. d4 Nf6 2. c4 g6 3. Nc3 d5 4. cxd5 Nxd5 5. Bd2 Bg7 6. e4 Nb6 7. Be3 O-O 8. h3
e5 9. Nf3 exd4 10. Bxd4 Qe7 11. Bxg7 Kxg7 12. Qd4+ f6 13. Be2 Nc6 14. Qe3 Be6
15. O-O Rad8 16. Rac1 a6 17. b3 Bf7 18. Rfe1 Rfe8 19. Bf1 Qb4 20. h4 Qa5 21. g3
Nd7 22. Red1 Nde5 23. Nxe5 Nxe5 24. Be2 Be6 25. h5 c6 26. h6+ Kf7 27. f4 Ng4
28. Bxg4 Bxg4 29. Rxd8 Rxd8 30. e5 Bf5 31. exf6 Re8 32. Qd4 Rd8 33. Qe3 Re8 34.
Qf2 Qd8 35. Re1 Rxe1+ 36. Qxe1 Qd4+ 37. Kh2 Kxf6 38. Ne2 Qb2 39. g4 Bd3 40.
Qc3+ Qxc3 41. Nxc3 g5 42. f5 b5 43. Kg3 b4 44. Na4 Bb1 45. Nc5 a5 46. Kf3 Bxa2
47. Ke3 Bb1 48. Nd7+ Ke7 49. Ne5 c5 50. Nc6+ Kf6 51. Nxa5 Bc2 52. Kd2 Be4 53.
Nc4 Bf3 54. Ne3 Be4 55. Ke2 Ke5 56. Nc4+ Kf4 57. f6 Bd5 58. Kd3 Be6 59. Nd6
Kxg4 60. f7 Bxf7 61. Nxf7 Kf4 62. Nd8 Ke5 63. Nc6+ Kf4 64. Nd8 Ke5 65. Nb7 c4+
66. Kxc4 Ke4 67. Nd6+ Ke3 68. Kxb4 g4 69. Kc4 Kf3 70. Kd3 Kf4 71. Ne4 Ke5 72.
b4 Kd5 73. Nf6+ 1-0

[Event "36 R.G.Nezhmetdinov Memorial"]
[Site ", "]
[Date "2014.06.05"]
[Round "6.26"]
[White "Yuferev, Oleg"]
[Black "Amirkhanov, Roustem"]
[Result "1-0"]
[WhiteElo "2250"]
[BlackElo "2311"]
[PlyCount "69"]
[EventDate "2014.??.??"]

1. Nf3 e6 2. c4 f5 3. g3 Nf6 4. Bg2 c6 5. O-O d5 6. d4 Bd6 7. b3 Qe7 8. Ne5
Nbd7 9. Bf4 Bxe5 10. dxe5 Ng4 11. Qd4 g5 12. Bc1 c5 13. Qd2 dxc4 14. Qxg5 Qxg5
15. Bxg5 cxb3 16. axb3 Ngxe5 17. Nc3 a6 18. e4 O-O 19. exf5 Rxf5 20. f4 Nc6 21.
Bh3 Nd4 22. Bxf5 exf5 23. Rae1 Nf8 24. Na4 b5 25. Nxc5 Nfe6 26. Nxe6 Nxe6 27.
Re5 Nxg5 28. fxg5 Kg7 29. Rc1 Kg6 30. h4 Bb7 31. Rc7 Bf3 32. Kf2 Bd1 33. Re6+
Kh5 34. Rd6 Bxb3 35. Kf3 1-0

[Event "36 R.G.Nezhmetdinov Memorial"]
[Site ", "]
[Date "2014.06.05"]
[Round "6.27"]
[White "Morgunov, Anatoly"]
[Black "Dilmukhametov, Artur"]
[Result "1/2-1/2"]
[WhiteElo "2307"]
[BlackElo "2164"]
[PlyCount "84"]
[EventDate "2014.??.??"]

1. e4 e6 2. d4 d5 3. Nc3 Bb4 4. e5 c5 5. a3 Bxc3+ 6. bxc3 Ne7 7. Qg4 cxd4 8.
Qxg7 Rg8 9. Qxh7 Qc7 10. Ne2 Nbc6 11. f4 dxc3 12. Qd3 Bd7 13. Nxc3 a6 14. Ne2
Nf5 15. h3 Rc8 16. g4 Nfe7 17. Bd2 Na5 18. Rb1 Nc4 19. Bb4 Bb5 20. Qb3 Ng6 21.
a4 Bc6 22. Rg1 b5 23. axb5 Bxb5 24. Rg3 d4 25. Nxd4 Nxf4 26. Bd6 Nxd6 27. exd6
Qxd6 28. Bxb5+ axb5 29. Qxb5+ Ke7 30. Qb4 Rc5 31. Kf2 Rd8 32. c3 Nd5 33. Qa3
Nxc3 34. Rxc3 Qxd4+ 35. Re3 Ke8 36. Kg3 Qd6+ 37. Kf3 Qc6+ 38. Kg3 Rd2 39. Rb8+
Ke7 40. Qa7+ Rd7 41. Qa8 Qd6+ 42. Kh4 Rd8 1/2-1/2

[Event "36 R.G.Nezhmetdinov Memorial"]
[Site ", "]
[Date "2014.06.05"]
[Round "6.28"]
[White "Rjanova, Valery"]
[Black "Toropov, Pavel"]
[Result "0-1"]
[WhiteElo "2131"]
[BlackElo "2305"]
[PlyCount "82"]
[EventDate "2014.??.??"]

1. e4 c5 2. Nf3 e6 3. d4 cxd4 4. Nxd4 Nf6 5. Nc3 d6 6. g4 h6 7. h3 a6 8. Bg2
Bd7 9. Be3 Nc6 10. O-O Be7 11. Qe2 O-O 12. Rad1 Qc7 13. Kh1 b5 14. a3 Na5 15.
f4 Rac8 16. Rd3 Nc6 17. g5 hxg5 18. fxg5 Nh7 19. Nxc6 Bxc6 20. Qg4 a5 21. Ne2
b4 22. axb4 axb4 23. Nd4 Bd7 24. Rf2 g6 25. Qg3 e5 26. Ne2 Qxc2 27. Rd2 Qb3 28.
h4 Qe6 29. Ng1 Qg4 30. Kh2 Qxg3+ 31. Kxg3 Rc4 32. Rc2 Rfc8 33. Rxc4 Rxc4 34.
Re2 Bb5 35. Kf2 Nf8 36. Nh3 Ne6 37. Ke1 b3 38. Rd2 Ra4 39. Nf2 Ra1+ 40. Nd1 Nc5
41. Bxc5 dxc5 0-1

[Event "36 R.G.Nezhmetdinov Memorial"]
[Site ", "]
[Date "2014.06.05"]
[Round "6.30"]
[White "Fraiman, Dmitry"]
[Black "Sadykov, Ramil"]
[Result "0-1"]
[WhiteElo "2094"]
[BlackElo "2288"]
[PlyCount "100"]
[EventDate "2014.??.??"]

1. e4 c5 2. Nf3 e6 3. d4 cxd4 4. Nxd4 a6 5. Nc3 Qc7 6. g3 Nf6 7. Bg2 Be7 8. O-O
O-O 9. Re1 d6 10. f4 Nc6 11. Nxc6 bxc6 12. g4 Rd8 13. g5 Nd7 14. Be3 Rb8 15. b3
d5 16. Na4 dxe4 17. Bxe4 Nf6 18. Bd3 Nd5 19. Qf3 c5 20. Nb2 Bb7 21. Nc4 Nb4 22.
Qh3 Nxd3 23. cxd3 Rxd3 24. Ne5 Rdd8 25. Rad1 Rxd1 26. Rxd1 Rd8 27. Qg4 Qa5 28.
Rxd8+ Qxd8 29. h4 Qd5 30. Kf2 Qh1 31. Nf3 g6 32. Qg3 Bd6 33. Ne5 Qb1 34. Nc4
Qxa2+ 35. Nd2 Bd5 36. Qg1 Bxb3 37. Qc1 Bd5 38. Qc3 Qa4 39. Kg3 Qb4 40. Qf6 Qb8
41. h5 gxh5 42. Nf3 Bf8 43. Qa1 Qb3 44. Qg1 a5 45. Ne5 Bg7 46. Kh4 c4 47. Bd4
Bxe5 48. Bxe5 Qf3 49. Qg3 Kf8 50. g6 Qxg3+ 0-1

[Event "36 R.G.Nezhmetdinov Memorial"]
[Site ", "]
[Date "2014.06.05"]
[Round "6.31"]
[White "Vastrukhin, Oleg"]
[Black "Merkushev, Dmitry"]
[Result "1/2-1/2"]
[WhiteElo "2401"]
[BlackElo "2105"]
[PlyCount "135"]
[EventDate "2014.??.??"]

1. e4 d5 2. d3 dxe4 3. dxe4 Qxd1+ 4. Kxd1 e5 5. Be3 Be6 6. Nd2 Nd7 7. Bc4 Bxc4
8. Nxc4 f6 9. c3 Bc5 10. Kc2 Ne7 11. Ne2 O-O-O 12. f3 Bxe3 13. Nxe3 Nc5 14.
Rad1 c6 15. h4 Rxd1 16. Rxd1 Rd8 17. Rg1 Ne6 18. Nf5 Rd7 19. b4 Nxf5 20. exf5
Nd8 21. Ng3 g6 22. Rh1 gxf5 23. Nxf5 Ne6 24. a3 Nc7 25. Re1 Nd5 26. Re4 Ne7 27.
Nxe7+ Rxe7 28. f4 h5 29. Kd3 Kd7 30. fxe5 fxe5 31. g4 Ke6 32. gxh5 Rh7 33. Rg4
Rxh5 34. Rg7 b5 35. Rxa7 Rxh4 36. a4 Rh3+ 37. Kc2 bxa4 38. Rxa4 e4 39. Ra8 Rh2+
40. Kb3 Ke5 41. Re8+ Kf4 42. Re6 e3 43. Kc4 Kf3 44. Rf6+ Ke2 45. Rxc6 Rh4+ 46.
Kb3 Kd1 47. Rd6+ Kc1 48. Re6 Kd2 49. b5 e2 50. b6 Rh6 51. Rxh6 e1=Q 52. Rd6+
Kc1 53. b7 Qe4 54. Rd7 Qf5 55. Kc4 Qe6+ 56. Kc5 Qxd7 57. b8=Q Qf5+ 58. Kd4 Qg4+
59. Kd5 Qf5+ 60. Kc4 Qg4+ 61. Kc5 Qf5+ 62. Kd4 Qg4+ 63. Ke3 Qh3+ 64. Kd4 Qg4+
65. Kd5 Qf3+ 66. Kc4 Qe4+ 67. Kc5 Qf5+ 68. Kb6 1/2-1/2

[Event "36 R.G.Nezhmetdinov Memorial"]
[Site ", "]
[Date "2014.06.05"]
[Round "6.32"]
[White "Zlachevskiy, Leonid"]
[Black "Kostin, Konstantin"]
[Result "0-1"]
[WhiteElo "2093"]
[BlackElo "2344"]
[PlyCount "78"]
[EventDate "2014.??.??"]

1. e4 c6 2. d4 d5 3. e5 Bf5 4. Ne2 e6 5. Ng3 Bg6 6. h4 h5 7. Bd3 Bxd3 8. cxd3
Qb6 9. Be3 Qxb2 10. Nd2 Qc3 11. Rb1 Qxd3 12. Rxb7 Qa6 13. Rb1 g6 14. Qe2 Qxe2+
15. Nxe2 Nd7 16. O-O c5 17. dxc5 Bxc5 18. Bxc5 Nxc5 19. Rfc1 Nd3 20. Rc7 Nxe5
21. Rbb7 Nf6 22. f4 Ned7 23. Nd4 O-O 24. Rxa7 Rxa7 25. Rxa7 Nb6 26. a4 Ra8 27.
Rxa8+ Nxa8 28. Kf2 Kf8 29. Nc6 Ke8 30. Ke3 Nc7 31. Kd4 Na6 32. Nb3 Ne4 33. Ne5
f6 34. Nxg6 Nd6 35. Kd3 Kf7 36. f5 e5 37. g4 hxg4 38. h5 Nxf5 39. Ke2 Ng3+ 0-1